000 01709ngm a2200337 4500
003 dpl
005 20080723110517.0
007 DVD
008 ||||||sp199 xxu|||||c|||| 00| 0 eng d
010 _aDVD-000850-852
024 _a00WK0
_c799.00
035 _aDVD-000850-852
040 _aDPL
_cDPL
082 _aDVD / MULA
245 _aMulan 2 :
_cWalt Disney Home Entertainment
_h[videorecording] DVD/
_bThe Legend Continues
246 _a.
260 _bWalt Disney Home Entertainment
300 _a1 videodisc DVD; (78 min.) :
_bsd., col. ;
_c4 3/4 in.
_fDVD
440 _aWalt Disney Home Entertainment
500 _aSole Distributor in India M/s. Excel Productions Autio Visuals Pvt. Ltd.
500 _aBonus Features: Deleted Scenes, Games & Activities, Backstage Disney
500 _aThis DVD is Copy Protected
538 _aDolby Digital 5.1 -English Subtitles: English, Korean, Bahasa,, Thai
538 _aAspect Ratio: 1.78:1, Presentation type: Wide Screen, Presentation Size 16x9, Format DVD 9 Dual Layer Single Sided Disc.
650 _aAnimated Movie
942 _cCF
_2ddc
_hDVD
_mMULA
999 _c16416
_d16416